Megacities with the Highest Elevation - Statistics

General Stats
  • This quiz has been taken 16 times
  • The average score is 5 of 8
Answer Stats
Elevation Megacity % Correct
2,554 m Bogotá
88%
1,168 m Tehran
88%
1,747 m Johannesburg
81%
2,242 m Mexico City
81%
487 m Chengdu
69%
787 m São Paulo
56%
919 m Bangalore
44%
508 m Hyderabad
31%
No matching quizzes found
Score Distribution
Percent of People with Each Score
Percentile by Number Answered
Your Score History
You have not taken this quiz